000
00340pab a2200145 454500
008
180718b1997 xxu||||| |||| 00| 0 eng d
100
_a
Bhatia, B.M.
245
_a
An impressive record
260
_c
1997
300
_a
p.13
362
_a
16 Dec
650
_a
Economic and social development
773
_a
Hindustan Times
909
_a
36462
999
_c
36462
_d
36462